| 000 | 00668nam a22001937a 4500 | ||
|---|---|---|---|
| 005 | 20251108164156.0 | ||
| 008 | 250721s1981 xx 000 0 ara d | ||
| 082 | 1 | 4 | _a219/محم |
| 100 | 1 | _aالشعراوي، محمد متولي | |
| 245 | 1 | 0 | _aمن فيض الرحمن في تربية الإنسان / |
| 250 | _aط3. | ||
| 264 | 1 |
_aالقاهرة : _bروز اليوسف، _c1981. |
|
| 300 | _aج | ||
| 490 | 0 | _aالكتاب الذهبي . الأعمال الكامله للإمام الشيخ محمد متولي الشعراوي | |
| 650 | 1 | 7 | _aالسيرة النبوية |
| 700 | 1 |
_aعامر، منير _eاعداد |
|
| 942 |
_2ddc _cBK |
||
| 999 |
_c5566 _d5566 |
||